| 000 -LEADER |
| fixed length control field |
00304nam a2200133Ia 4500 |
| 008 - FIXED-LENGTH DATA ELEMENTS--GENERAL INFORMATION |
| fixed length control field |
200103s9999||||xx |||||||||||||| ||und|| |
| 082 ## - DEWEY DECIMAL CLASSIFICATION NUMBER |
| Classification number |
Column-1 |
| 100 ## - MAIN ENTRY--PERSONAL NAME |
| Personal name |
Hindship, M. V. |
| 245 #0 - TITLE STATEMENT |
| Title |
Stability tables |
| 260 ## - PUBLICATION, DISTRIBUTION, ETC. (IMPRINT) |
| Name of publisher, distributor, etc |
Bhandarkar Pubhications |
| Date of publication, distribution, etc |
2010 |
| 300 ## - PHYSICAL DESCRIPTION |
| Extent |
61 |
| 942 ## - ADDED ENTRY ELEMENTS (KOHA) |
| Item type |
Books |